=LDR 00000nam 2200000 4500 =001 INLIS000000000055679 =005 20200810082111 =035 ##$$a 0010-0620000119 =007 ta =008 200810################g##########0#ind## =082 ##$$a 2x5.4 =084 ##$$a 2x5.4 FUA k =100 1#$$a Fuad, Isnaeni =245 1#$$a Keajaiban sholawat /$c Isnaeni Fuad =250 ##$$a cet.1 =260 ##$$a Jombang :$b Lintas Media =300 ##$$a 240 hlm., ; $c 13x19 cm =600 #4$$a Do'a dan wirid =990 ##$$a 2101360